000
00308 a2200109 4500
001
ART_42382
005
20260410161755.0
008
260409a
245
1
0
_a
Reforma al matrimonio civil
100
1
_a
García, Fernando D.
773
0
_t
Doctrina tributaria
_g
- Nº 366 (sep. 2010)
_w
REV4296
999
_c
20048
_d
20048